[Event "St. Petersburg-ch Women 2021"]
[Site "St. Petersburg"]
[Date "2021.04.02"]
[Round "9.7"]
[White "Balandina, Alisa"]
[Black "Belenkaya, Dina"]
[Result "0-1"]
[WhiteElo "1596"]
[BlackElo "2293"]
[Annotator "ChessBase"]
[PlyCount "64"]
[EventDate "2021.03.25"]
[EventType "swiss"]
[EventCountry "RUS"]
[SourceTitle "playchess.com"]
[Source "ChessBase"]
[SourceQuality "1"]
[TimeControl "40/5400+30:1800+30"]

1. e4 {[%emt 0:01:55]} c6 {[%emt 0:00:28]} 2. d4 {[%emt 0:00:06]} d5 {[%emt 0:00:04]} 3. e5 {[%emt 0:00:04]} Qb6 {[%emt 0:00:25]} 4. c4 {[%emt 0:08:43]} Bf5 {[%emt 0:01:48]} 5. Nc3 {[%emt 0:01:26]} e6 {[%emt 0:04:01]} 6. c5 {[%emt 0:03:38]} Qc7 {[%emt 0:00:55]} 7. h4 {[%emt 0:02:08]} h5 {[%emt 0:01:00]} 8. Be2 {[%emt 0:01:07]} b6 {[%emt 0:04:53]} 9. cxb6 {[%emt 0:05:02]} axb6 {[%emt 0:00:50]} 10. Bxh5 {[%emt 0:07:53]} c5 {[%emt 0:02:40]} 11. Be2 {[%emt 0:00:55]} Nc6 {[%emt 0:08:45]} 12. Bb5 {[%emt 0:02:04]} cxd4 {[%emt 0:10:33]} 13. Qxd4 {[%emt 0:00:39]} Bc5 {[%emt 0:01:27]} 14. Qf4 {[%emt 0:00:12]} Nge7 {[%emt 0:02:33]} 15. Nf3 {[%emt 0:10:21]} Kf8 {[%emt 0:03:25]} 16. Bxc6 {[%emt 0:01:51]} Nxc6 {[%emt 0:07:01]} 17. Nxd5 {[%emt 0:02:28]} Qd7 {[%emt 0:02:09]} 18. Nc3 {[%emt 0:04:12]} Bd3 {[%emt 0:03:02]} 19. Be3 {[%emt 0:03:56]} Nb4 {[%emt 0:03:16]} 20. O-O-O {[%emt 0:08:03]} Nxa2+ {[%emt 0:09:51]} 21. Nxa2 {[%emt 0:07:33]} Rxa2 {[%emt 0:00:35]} 22. Bd4 {[%emt 0:00:40]} Qb5 {[%emt 0:05:40]} 23. Bc3 {[%emt 0:16:42]} Ra4 {[%emt 0:10:01]} 24. Qg5 {[%emt 0:00:58]} Ra8 {[%emt 0:00:53]} 25. Ne1 {[%emt 0:04:10]} Be7 {[%emt 0:02:03]} 26. Qf4 {[%emt 0:00:28]} Be2 {[%emt 0:01:52]} 27. Rd2 {[%emt 0:00:18]} Ra1+ {[%emt 0:02:00]} 28. Kc2 {[%emt 0:00:05]} Bc4 {[%emt 0:00:51]} 29. Rd6 {[%emt 0:05:30]} Qb3+ {[%emt 0:01:38]} 30. Kd2 {[%emt 0:00:05]} Qd1+ {[%emt 0:00:23]} 31. Ke3 {[%emt 0:00:03]} Qe2+ {[%emt 0:00:34]} 32. Kd4 {[%emt 0:00:04]} Rd1+ {[%emt 0:00:33]} 0-1

[Event "St. Petersburg-ch Women 2021"]
[Site "St. Petersburg"]
[Date "2021.04.02"]
[Round "9.8"]
[White "Pankova, Julia"]
[Black "Murashova, Ekaterina"]
[Result "0-1"]
[WhiteElo "1874"]
[BlackElo "2207"]
[Annotator "ChessBase"]
[PlyCount "84"]
[EventDate "2021.03.25"]
[EventType "swiss"]
[EventCountry "RUS"]
[SourceTitle "playchess.com"]
[Source "ChessBase"]
[SourceQuality "1"]
[TimeControl "40/5400+30:1800+30"]

1. e4 {[%emt 0:00:00]} c5 {[%emt 0:00:00]} 2. Nf3 {[%emt 0:00:00]} g6 {[%emt 0:00:00]} 3. d4 {[%emt 0:00:00]} cxd4 {[%emt 0:00:00]} 4. Qxd4 {[%emt 0:00:01]} Nf6 {[%emt 0:00:00]} 5. e5 {[%emt 0:00:08]} Nc6 {[%emt 0:00:01]} 6. Qa4 {[%emt 0:00:05]} Nd5 {[%emt 0:00:19]} 7. Qe4 {[%emt 0:00:10]} Nb6 {[%emt 0:00:07]} 8. Nc3 {[%emt 0:00:23]} Bg7 {[%emt 0:01:12]} 9. Bf4 {[%emt 0:00:21]} d5 {[%emt 0:01:09]} 10. exd6 {[%emt 0:01:58]} O-O {[%emt 0:07:12]} 11. dxe7 {[%emt 0:14:51]} Nxe7 {[%emt 0:21:38]} 12. Rd1 {[%emt 0:08:16]} Bxc3+ {[%emt 0:06:00]} 13. bxc3 {[%emt 0:00:04]} Ned5 {[%emt 0:00:42]} 14. Be2 {[%emt 0:10:10]} Bf5 {[%emt 0:07:32]} 15. Qd4 {[%emt 0:01:16]} Nxf4 {[%emt 0:00:10]} 16. Qxf4 {[%emt 0:00:24]} Qe7 {[%emt 0:09:01]} 17. Nd4 {[%emt 0:03:05]} Rfe8 {[%emt 0:01:31]} 18. O-O {[%emt 0:00:50]} Bxc2 {[%emt 0:04:21]} 19. Rd2 {[%emt 0:04:47]} Ba4 {[%emt 0:03:43]} 20. Rd3 {[%emt 0:15:26]} Rac8 {[%emt 0:14:06]} 21. Qh6 {[%emt 0:19:47]} Qf8 {[%emt 0:04:58]} 22. Qh4 {[%emt 0:01:37]} Rc5 {[%emt 0:03:32]} 23. f4 {[%emt 0:06:02]} f5 {[%emt 0:02:40]} 24. g4 {[%emt 0:04:31]} Qe7 {[%emt 0:00:25]} 25. Qxe7 {[%emt 0:02:21]} Rxe7 {[%emt 0:00:01]} 26. gxf5 {[%emt 0:00:02]} gxf5 {[%emt 0:00:24]} 27. Rg3+ {[%emt 0:00:42]} Kf7 {[%emt 0:01:43]} 28. Bd3 {[%emt 0:00:41]} Bd7 {[%emt 0:00:25]} 29. Bc2 {[%emt 0:00:58]} Kf6 {[%emt 0:00:38]} 30. Bb3 {[%emt 0:02:08]} Ba4 {[%emt 0:06:45]} 31. Kg2 {[%emt 0:01:36]} Bxb3 {[%emt 0:00:41]} 32. axb3 {[%emt 0:00:08]} Nd5 {[%emt 0:00:08]} 33. Rff3 {[%emt 0:02:00]} Re4 {[%emt 0:00:27]} 34. Rg8 {[%emt 0:00:42]} Nxf4+ {[%emt 0:01:21]} 35. Kg3 {[%emt 0:00:59]} Ng6 {[%emt 0:01:51]} 36. Rb8 {[%emt 0:00:34]} f4+ {[%emt 0:00:21]} 37. Kf2 {[%emt 0:00:07]} Rc7 {[%emt 0:00:19]} 38. Nb5 {[%emt 0:00:44]} Rce7 {[%emt 0:00:13]} 39. Rd3 {[%emt 0:01:00]} Re2+ {[%emt 0:00:42]} 40. Kf3 {[%emt 0:00:00]} Rxh2 {[%emt 0:00:00]} 41. Rd6+ {[%emt 0:01:43]} Kg5 {[%emt 0:02:13]} 42. Rd5+ {[%emt 0:01:25]} Kh4 {[%emt 0:00:08]} 0-1